Dirección de la producción: decisiones estratégicas

Saved in:
Bibliografiske detaljer
Main Authors: Heizer, Jay (Author), Render, Barry (Author)
Format: Bog
Sprog:spansk
Udgivet: Madrid Prentice Hall 1997
Udgivelse:4a. ed
Fag:
Tags: Tilføj Tag
Ingen Tags, Vær først til at tagge denne postø!

MARC

LEADER 00000nam a2200000 a 4500
001 UCQ7717
003 CL-VaPUC
005 20231214175940.0
008 981113e19970000SP |||||||||||||||||spa|d
999 |c 277173  |d 277171 
040 |c Pontificia Universidad Católica de Valparaíso 
082 0 4 |a 658.5  |b HEI  |2 21 
100 |a Heizer, Jay  |e author  |9 576842 
245 1 0 |a Dirección de la producción: decisiones estratégicas 
250 |a 4a. ed 
260 |a Madrid  |b Prentice Hall  |c 1997 
300 |a 576 p 
583 |a last modification  |c 19981113 00:00:00  |k Rodrigo Vera 
650 0 |a Gestión de la producción   |9 259467 
650 0 |a Planificación estratégica   |9 259735 
650 0 |a Táctica  |9 886533  |x Toma de decisiones 
650 0 |a Consumidores  |9 315658 
700 0 |a Render, Barry  |e author  |9 421487 
942 |c BK  |2 ddc 
945 |d 19981113 00:00:00  |a aarredon 
952 |0 0  |1 0  |2 ddc  |4 0  |6 658_500000000000000_HEI_1997  |7 0  |8 A  |9 314988  |a BIBENE  |b BIBENE  |d 2019-11-20  |i 3481115  |o 658.5 HEI 1997  |p 3481115  |r 2025-01-15  |w 2019-11-20  |y BK  |k ICO 
952 |0 0  |1 0  |2 ddc  |4 0  |6 658_500000000000000_HEI_1997  |7 0  |8 A  |9 314989  |a BIBENE  |b BIBENE  |d 2019-11-20  |i 3508889  |l 1  |o 658.5 HEI 1997  |p 3508889  |r 2025-01-15  |s 2023-11-16  |w 2019-11-20  |y BK  |k ICO